KOHA-Header-6

BRS Genetics (Record no. 5868)

000 -LEADER
fixed length control field 00289nam a2200121Ia 4500
020 ## - INTERNATIONAL STANDARD BOOK NUMBER
ISBN 13:978-81-8473-305-1
100 ## - MAIN ENTRY--AUTHOR NAME
Personal name Ron W.Dudek
245 #0 - TITLE STATEMENT
Title BRS Genetics
260 ## - PUBLICATION, DISTRIBUTION, ETC. (IMPRINT)
Place of publication New York
Name of publisher Wolter Kluwer
Year of publication 2015
300 ## - PHYSICAL DESCRIPTION
Number of Pages 239
942 ## - ADDED ENTRY ELEMENTS (KOHA)
Koha item type Books
Holdings
Withdrawn status Lost status Collection code Permanent Location Current Location Shelving location Date acquired Full call number Accession Number Koha item type
    Bio Sciences MAJU MAJU Shelf No.A37 2019-09-15 576.5 9277 Bio Science

Powered by Koha